Brand Placement : integración de marcas en la ficción audiovisual /
Texto que es, por igual, un acercamiento genérico al placement, que un estudio del fenómeno en las teleseries españolas. Se llama placement a la publicidad que se integra a los programas de televisión y a las películas, de manera que se trata de una publicidad sin competencia y altamente creíble.
Salvato in:
| Autore principale: | |
|---|---|
| Altri autori: | , |
| Natura: | Libro |
| Lingua: | spagnolo |
| Pubblicazione: |
Barcelona, España :
Gedisa,
2006, c2006
|
| Serie: | (Estudios de Televisión ;
25) |
| Soggetti: | |
| Tags: |
Nessun Tag, puoi essere il primo ad aggiungerne!!
|
MARC
| LEADER | 00000nam^a2200000^a^4500 | ||
|---|---|---|---|
| 001 | 000319386 | ||
| 005 | 20250521000000.0 | ||
| 008 | 120308 20062006 | ||
| 009 | 20260310113440.584 | ||
| 020 | |a 84-9784-161-1 | ||
| 037 | |a Acervo ITESO - Biblioteca | ||
| 041 | |a ESP | ||
| 082 | |a 302. 2342250946 |b PIN | ||
| 100 | |a Pino, Cristina del |e (autor) | ||
| 245 | 1 | 0 | |a Brand Placement : |b integración de marcas en la ficción audiovisual / |c C. del Pino, F. Olivares ; pról. de A. Méndiz Noguero. |
| 264 | 4 | |a Barcelona, España : |b Gedisa, |c 2006, c2006 | |
| 300 | |a 265 p. | ||
| 336 | |a texto |b txt |2 rdacontenido | ||
| 337 | |a sin mediación |b n |2 rdamedio | ||
| 338 | |a volumen |b nc |2 rdasoporte | ||
| 440 | 1 | |a (Estudios de Televisión ; |v 25) | |
| 520 | |a Texto que es, por igual, un acercamiento genérico al placement, que un estudio del fenómeno en las teleseries españolas. Se llama placement a la publicidad que se integra a los programas de televisión y a las películas, de manera que se trata de una publicidad sin competencia y altamente creíble. | ||
| 649 | |a XX | ||
| 650 | |a Publicidad Integrada - |x Tema Principal | ||
| 650 | |a Publicidad Integrada - |z España - |x Tema Principal | ||
| 650 | |a Publicidad en Televisión - |z España - |x Tema Principal | ||
| 650 | |a Series de Televisión - |z España - |x Tema Principal | ||
| 650 | |a Géneros Televisivos - |z España | ||
| 650 | |a Televisión - |z España | ||
| 650 | |a Medios Audiovisuales - |z España | ||
| 650 | |a Medios de Comunicación - |z España | ||
| 650 | |a Comunicación Masiva - |z España | ||
| 700 | |a Olivares, Fernando |e (autor) | ||
| 700 | |a Méndiz Noguero, Alfonso |e (prólogo) | ||
| 910 | |a Fondo General | ||
| 920 | |a Impresos - Libros | ||
| 930 | |a Colección General | ||
| 905 | |a 101 | ||
| 901 | |a 0500206646 |b IT1 |c ACC |i C130585 |u 20250521 | ||
| 902 | |a https://opac.biblio.iteso.mx/vufind/Record/000319386 | ||